| 000 | 00433nam a22001697a 4500 | ||
|---|---|---|---|
| 005 | 20180316153446.0 | ||
| 008 | 160526b xxu||||| |||| 00| 0 eng d | ||
| 020 | _a978-81-317-2545-0 | ||
| 041 | _aeng | ||
| 082 |
_b5185 _a332.645 |
||
| 100 |
_aHull, John C. _9379 |
||
| 245 | _aOptions Futures and Other Derivatives | ||
| 260 |
_aNew Delhi _bAcademic Faundation _c2009 |
||
| 300 | _a764 | ||
| 650 |
_aManagement _9241 |
||
| 942 | _cBK | ||
| 999 |
_c1814 _d1813 |
||